| 000 | 00381nmm a2200145Ia 4500 | ||
|---|---|---|---|
| 008 | 251105s9999||||xx |||||||||||||||||und|| | ||
| 041 | _aspa | ||
| 100 | _aFucks, Chavo | ||
| 245 | 0 | _aTevez | |
| 264 |
_a[Madrid, España] : _bEdiciones B, _c2016 |
||
| 300 | _a446 páginas | ||
| 650 | _aTravel & Sports | ||
| 856 | _uhttps://public.digitaliapublishing.com/a/54620 | ||
| 942 | _cCF | ||
| 999 |
_c105992 _d105992 |
||